Gastgeberländer der Olympischen Winterspiele - Karten-Quiz - Statistiken

Allgemein
  • Dieses Quiz wurde 86 mal gespielt
  • Das Durchschnittsergebnis liegt bei 13 aus 13
Antworten auf der Karte
Die Antworten werden auf der Karte rot bzw. grün angezeigt, abhängig davon wie oft sie richtig erraten wurden.
 
Antwortstatistiken
Jahr Land % Korrekt
2022 China
100%
1936 Deutschland
100%
19241968 1992 Frankreich
100%
19882010 Kanada
100%
19321960
1980 2002
Vereinigte Staaten
100%
19721998 Japan
99%
2014 Russland
99%
19281948 Schweiz
99%
19562006 Italien
97%
19641976 Österreich
97%
2018 Südkorea
97%
19521994 Norwegen
96%
1984 Bosnien und Herzegowina
84%
Keine übereinstimmenden Quizze gefunden
Verteilung der Resultate
Anzahl Personen mit jedem Resultat
Perzentil nach korrekt beantworteten Fragen
Ihre Resultats-Entwicklung
Sie haben dieses Quiz noch nicht gespielt